| 000 | nam a22 7a 4500 | ||
|---|---|---|---|
| 999 |
_c16369 _d16369 |
||
| 008 | 161109b xxu||||| |||| 00| 0 eng d | ||
| 020 | _a0130957291 | ||
| 050 | _aGB 172.5 .B48 1999 | ||
| 100 | _aBeveridge, Thomas M. | ||
| 245 |
_aPrinciples of microeconomics : _bcase & fair/ |
||
| 250 | _a5th ed. | ||
| 260 |
_aNew Jersey : _bPrentice hall , _c1999. |
||
| 300 |
_avii, 508p. : _bill. : _c26cm. |
||
| 500 | _aInclude index. | ||
| 650 | _aMacroeconomis. | ||
| 650 | _aMicroeconomics. | ||
| 942 |
_2ddc _cBOOKS _hGB 172.5 .B48 1999 |
||